000 00456nam a2200181Ia 4500
001 9374
005 20260306161713.0
008 260306t2018||||xx |||||||||||||| ||spa||
041 _aESP
082 _a378.17
_bC82
100 _aCorte Vitória, Maria Ines
_eAUT
245 0 _aLa escritura académica en la formación universitaria
260 _c2018
300 _a173 páginas :
_c23 cm.
650 _aGEN
654 _aCED
942 _cLIB
_dJUS
_fJUS
_2ddc
_n
999 _c9374
_d9374